000 00905nam0a22002291i 4500
001 rc\338012
005 20240723192400.0
035 _a(NLR Aleph) 005580337
090 _a6105417
_c6105417
100 _a20030307d1989 u |0rusy50 ca
101 0 _arus
102 _aRU
105 _aa |||||||||
200 1 _aДиагностика и послеоперационное лечение аппендицита
_e(Клинико-иммунол. исслед.)
_eАвтореф. дис. на соиск. учен. степ. кнд. мед. наук
_e(14.00.27; 14.00.36)
_fКирг. гос. мед. ин-т
210 _aФрунзе
_d1989
215 _a21 с.
_cграф.
320 _aБиблиогр.: с. 19-21 (20 назв.)
700 1 _aПерескоков
_bС.В.
_gСергей Васильевич
801 0 _aRU
_bNLR
_gpsbo
801 1 _aRU
_bELAR
_2rusmarc
852 _aNLR
_jА90/8808
942 _cBOOK